<?xml version="1.0" encoding="UTF-8"?>
<record
    xmlns:xsi="http://www.w3.org/2001/XMLSchema-instance"
    xsi:schemaLocation="http://www.loc.gov/MARC21/slim http://www.loc.gov/standards/marcxml/schema/MARC21slim.xsd"
    xmlns="http://www.loc.gov/MARC21/slim">

  <leader>00903nam a22002057a 4500</leader>
  <controlfield tag="003">BDDh-ASL</controlfield>
  <controlfield tag="005">20231016062621.0</controlfield>
  <controlfield tag="008">230331s1994    bg ||||| |||| 00| 0 b   d</controlfield>
  <datafield tag="040" ind1=" " ind2=" ">
    <subfield code="a">BDDh-ASL</subfield>
    <subfield code="c">BDDh-ASL</subfield>
  </datafield>
  <datafield tag="041" ind1=" " ind2=" ">
    <subfield code="a">bengali </subfield>
  </datafield>
  <datafield tag="082" ind1=" " ind2=" ">
    <subfield code="a">927</subfield>
    <subfield code="b">ALS</subfield>
  </datafield>
  <datafield tag="100" ind1="1" ind2=" ">
    <subfield code="a">&#x986;&#x9B2;&#x9C0;, &#x986;&#x9B9;&#x9BE;&#x9AE;&#x9CD;&#x9AE;&#x9A6;</subfield>
    <subfield code="9">7907</subfield>
  </datafield>
  <datafield tag="245" ind1="1" ind2="0">
    <subfield code="a">&#x9B8;&#x9C1;&#x9B0; &#x9B8;&#x9AE;&#x9CD;&#x9B0;&#x9BE;&#x99F; &#x993;&#x9B8;&#x9CD;&#x9A4;&#x9BE;&#x9A6; &#x986;&#x9B2;&#x9BE;&#x989;&#x9A6;&#x9CD;&#x9A6;&#x9BF;&#x9A8; &#x996;&#x9BE;&#x981;:  </subfield>
    <subfield code="b">&#x99C;&#x9C0;&#x9AC;&#x9A8; &#x993; &#x9B8;&#x9BE;&#x9A7;&#x9A8;&#x9BE;&#x964; /</subfield>
  </datafield>
  <datafield tag="246" ind1=" " ind2=" ">
    <subfield code="a">Sur Samrat Ustad Alauddin Kha: Jibon O Sadhona. </subfield>
  </datafield>
  <datafield tag="260" ind1=" " ind2=" ">
    <subfield code="a">&#x995;&#x9C1;&#x9AE;&#x9BF;&#x9B2;&#x9CD;&#x9B2;&#x9BE;: </subfield>
    <subfield code="b">&#x986;&#x9B2; &#x9B9;&#x9CB;&#x9B8;&#x9C7;&#x9A8; &#x9AA;&#x9CD;&#x9B0;&#x995;&#x9BE;&#x9B6;&#x9A8;&#x9C0;, </subfield>
    <subfield code="c">&#x9E7;&#x9EF;&#x9EF;&#x9EA;&#x964; </subfield>
  </datafield>
  <datafield tag="300" ind1=" " ind2=" ">
    <subfield code="a">&#x9E7;&#x9E8;&#x9ED; &#x9AA;&#x9C3;&#x9B7;&#x9CD;&#x9A0;&#x9BE;: </subfield>
    <subfield code="c">&#x9E8;&#x9E8; &#x9B8;&#x9C7;.&#x9AE;&#x9BF;. </subfield>
  </datafield>
  <datafield tag="600" ind1="1" ind2="0">
    <subfield code="a">&#x996;&#x9BE;&#x981;, &#x993;&#x9B8;&#x9CD;&#x9A4;&#x9BE;&#x9A6; &#x986;&#x9B2;&#x9BE;&#x989;&#x9A6;&#x9CD;&#x9A6;&#x9BF;&#x9A8;</subfield>
    <subfield code="c">&#x9B8;&#x9C1;&#x9B0; &#x9B8;&#x9AE;&#x9CD;&#x9B0;&#x9BE;&#x99F;</subfield>
    <subfield code="9">7908</subfield>
  </datafield>
  <datafield tag="650" ind1=" " ind2="0">
    <subfield code="a">biographical dictionary - &#x99A;&#x9B0;&#x9BF;&#x9A4;&#x9BE;&#x9AD;&#x9BF;&#x9A7;&#x9BE;&#x9A8;</subfield>
    <subfield code="9">4665</subfield>
  </datafield>
  <datafield tag="942" ind1=" " ind2=" ">
    <subfield code="2">ddc</subfield>
    <subfield code="c">BK</subfield>
  </datafield>
  <datafield tag="952" ind1=" " ind2=" ">
    <subfield code="0">0</subfield>
    <subfield code="1">0</subfield>
    <subfield code="2">ddc</subfield>
    <subfield code="4">0</subfield>
    <subfield code="7">0</subfield>
    <subfield code="8">NFIC</subfield>
    <subfield code="a">ASL</subfield>
    <subfield code="b">ASL</subfield>
    <subfield code="c">GEN</subfield>
    <subfield code="d">2023-04-06</subfield>
    <subfield code="e">Donated by Professor Husniara Huq - A. K. M. Azizul Haq Collection</subfield>
    <subfield code="l">0</subfield>
    <subfield code="o">927 ALS</subfield>
    <subfield code="p">120461</subfield>
    <subfield code="r">2023-04-06 00:00:00</subfield>
    <subfield code="t">C-1</subfield>
    <subfield code="w">2023-04-06</subfield>
    <subfield code="y">BK</subfield>
    <subfield code="z">Y-1994</subfield>
  </datafield>
  <datafield tag="999" ind1=" " ind2=" ">
    <subfield code="c">31733</subfield>
    <subfield code="d">31733</subfield>
  </datafield>
</record>
